<?xml version="1.0" encoding="UTF-8"?><marc:collection xmlns:marc="http://www.loc.gov/MARC21/slim">
  <marc:record>
    <marc:leader>00000nam  2200000za 4500</marc:leader>
    <marc:controlfield tag="001">9.664082</marc:controlfield>
    <marc:controlfield tag="003">CaOODSP</marc:controlfield>
    <marc:controlfield tag="005">20240624082237</marc:controlfield>
    <marc:controlfield tag="007">ta</marc:controlfield>
    <marc:controlfield tag="008">150407|2002||||xxc|||||     f|0| 0 fre d</marc:controlfield>
    <marc:datafield tag="020" ind1=" " ind2=" ">
      <marc:subfield code="a">0-662-66873-1</marc:subfield>
    </marc:datafield>
    <marc:datafield tag="040" ind1=" " ind2=" ">
      <marc:subfield code="a">CaOODSP</marc:subfield>
      <marc:subfield code="b">fre</marc:subfield>
    </marc:datafield>
    <marc:datafield tag="041" ind1=" " ind2=" ">
      <marc:subfield code="a">eng</marc:subfield>
    </marc:datafield>
    <marc:datafield tag="041" ind1=" " ind2=" ">
      <marc:subfield code="a">fre</marc:subfield>
    </marc:datafield>
    <marc:datafield tag="043" ind1=" " ind2=" ">
      <marc:subfield code="a">n-cn---</marc:subfield>
    </marc:datafield>
    <marc:datafield tag="086" ind1="1" ind2=" ">
      <marc:subfield code="a">CP22-66/2002</marc:subfield>
    </marc:datafield>
    <marc:datafield tag="245" ind1="0" ind2="0">
      <marc:subfield code="a">Code de bonnes pratiques de financement : </marc:subfield>
      <marc:subfield code="b">pour donner suite à l'Accord entre le gouvernement du Canada et le secteur bénévole et communautaire / </marc:subfield>
      <marc:subfield code="c">Élaboré par la Table conjointe sur l'Accord de l'Initiative sur le secteur bénévole et communautaire. </marc:subfield>
    </marc:datafield>
    <marc:datafield tag="260" ind1=" " ind2=" ">
      <marc:subfield code="a">Ottawa : </marc:subfield>
      <marc:subfield code="b">Bureau du Conseil privé, </marc:subfield>
      <marc:subfield code="c">2002.</marc:subfield>
    </marc:datafield>
    <marc:datafield tag="300" ind1=" " ind2=" ">
      <marc:subfield code="a">28 p. ;  </marc:subfield>
      <marc:subfield code="c">28 cm.</marc:subfield>
    </marc:datafield>
    <marc:datafield tag="500" ind1=" " ind2=" ">
      <marc:subfield code="a">En tête du titre: Initiative sur le secteur bénévole et communautaire.</marc:subfield>
    </marc:datafield>
    <marc:datafield tag="520" ind1="3" ind2=" ">
      <marc:subfield code="a">Ce code présente des mesures précises visant à créer plus de souplesse, de réceptivité et de cohérence dans les modalités de financement entre le gouvernement du Canada et le secteur bénévole et communautaire. Reposant sur les engagements pris dans l'Accord entre le gouvernement du Canada et le secteur bénévole et communautaire, conclu en décembre 2001, le code explique les responsabilités respectives et conjointes de chaque secteur quant aux pratiques de financement. Renferme des annexes décrivant le secteur bénévole et communautaire, les types de mécanismes de financement direct et l'approche en matière d'investissement stratégique</marc:subfield>
    </marc:datafield>
    <marc:datafield tag="563" ind1=" " ind2=" ">
      <marc:subfield code="a">Couverture souple</marc:subfield>
    </marc:datafield>
    <marc:datafield tag="590" ind1=" " ind2=" ">
      <marc:subfield code="a">02-50</marc:subfield>
      <marc:subfield code="b">2002-12-13</marc:subfield>
    </marc:datafield>
    <marc:datafield tag="691" ind1="0" ind2="7">
      <marc:subfield code="a">Ministre</marc:subfield>
      <marc:subfield code="2">gcpds</marc:subfield>
    </marc:datafield>
    <marc:datafield tag="691" ind1="0" ind2="7">
      <marc:subfield code="a">Services administratifs</marc:subfield>
      <marc:subfield code="2">gcpds</marc:subfield>
    </marc:datafield>
    <marc:datafield tag="710" ind1="1" ind2=" ">
      <marc:subfield code="a">Canada. </marc:subfield>
      <marc:subfield code="b">Bureau du Conseil privé.</marc:subfield>
    </marc:datafield>
    <marc:datafield tag="776" ind1="0" ind2="#">
      <marc:subfield code="t">A code of good practice on funding : </marc:subfield>
      <marc:subfield code="w">(CaOODSP)9.686338</marc:subfield>
    </marc:datafield>
    <marc:datafield tag="776" ind1="0" ind2="#">
      <marc:subfield code="t">Code de bonnes pratiques de financement : </marc:subfield>
      <marc:subfield code="w">(CaOODSP)9.630810</marc:subfield>
    </marc:datafield>
    <marc:datafield tag="791" ind1=" " ind2=" ">
      <marc:subfield code="t">A code of good practice on funding : </marc:subfield>
      <marc:subfield code="e">eng</marc:subfield>
      <marc:subfield code="w">(CaOODSP)9.664081</marc:subfield>
    </marc:datafield>
  </marc:record>
</marc:collection>
